000
00190 a2200097 4500
041
_a
spa
100
_a
Yoshikawa, Sachiko
245
_a
No T. Rex in the library
942
_c
BK
952
_7
1
999
_c
20535
_d
20535